00834nam a22002417a 4500003000400000005001700004008004100021020001500062040001800077041000800095050001600103100004700119245006400166264006200230300001800292650005100310650003900361650005000400650003400450710007600484942001500560999001700575OSt20260530115317.0260507b1994 xxu |||| |||| 00| 0 eng d a0875847404 aICIbspacICI aeng aHD58.8bU771 aUtterback, James M., d1941-eautor933817 aMastering the dynamics of innovation /cJames M. Utterback  aBoston, Massachusetts : bHarvard Business School,cc1994 a253 páginas 4aCambio organizacionalxAdministración933818 4aAdministración industrial933819 4aInnovaciones tecnológicasxAdministración 4aPlanificación estratégica aHarvard University,bGraduate school of business administration,933822 2lcccBKn1 c13620d13620